000 00558nam a2200169Ia 4500
008 090711s9999 xx 000 0 und d
082 _b8696
100 _aसाठे शंकर गो.
245 _aपहाटेSाी Sााहूल
260 _bपॉप्युलर प्रकाशन
_c1960
300 _a97
600 _aसाठे शंकर गो.
630 _aपहाटेSाी Sााहूल
700 _aसाठे शंकर गो.
730 _aपहाटेSाी Sााहूल
942 _cBOOK
999 _c303414
_d303414